[Event "DEM U16 2023"]
[Site "Willingen GER"]
[Date "2023.05.31"]
[Round "5"]
[White "Heinrich, John"]
[Black "Petrovskiy, Vadim"]
[Result "0-1"]
[Termination "normal"]
[Board "1"]
[BlackTitle "IM"]
[WhiteElo "2150"]
[BlackElo "2417"]
[WhiteClock "01:01:28"]
[BlackClock "01:05:22"]
[PlyCount "42"]
[WhiteFideId "16259491"]
[BlackFideId "14165210"]
[EventCountry "GER"]
[EventRounds "9"]
[EventType "swiss"]
[EventDate "2023.05.27"]

1. e4 {[%emt 0:00:07]} c5 {[%emt 0:00:05]} 2. Nf3 {[%emt 0:00:34]} d6 {[%emt
0:00:05]} 3. Bb5+ {[%emt 0:00:34]} Nd7 {[%emt 0:00:09]} 4. O-O {[%emt 0:01:12]}
a6 {[%emt 0:00:05]} 5. Bd3 {[%emt 0:00:10]} Ngf6 {[%emt 0:04:32]} 6. c3 {[%emt
0:04:46]} g6 {[%emt 0:00:45]} 7. Bc2 {[%emt 0:01:00]} Bg7 {[%emt 0:05:58]} 8.
d4 {[%emt 0:01:11]} O-O {[%emt 0:00:26]} 9. Qe2 {[%emt 0:09:29]} cxd4 {[%emt
0:10:33]} 10. cxd4 {[%emt 0:00:11]} e5 {[%emt 0:00:05]} 11. dxe5 {[%emt
0:12:22]} Nxe5 {[%emt 0:01:18]} 12. Nxe5 {[%emt 0:01:09]} dxe5 {[%emt 0:00:38]}
13. Rd1 {[%emt 0:02:44]} Qb6 {[%emt 0:07:00]} 14. Qe3 Qc7 15. Bb3 Be6 16. Qc3
Qe7 17. Qxe5 Rfd8 18. Rf1 Ng4 19. Qa5 Bxb3 20. axb3 Qh4 21. Bf4 Qxf2+ 0-1

[Event "DEM U16 2023"]
[Site "Willingen GER"]
[Date "2023.05.31"]
[Round "5"]
[White "von Mettenheim, Johannes"]
[Black "Sidletskyi, Ivan"]
[Result "0-1"]
[Termination "normal"]
[Board "2"]
[BlackTitle "CM"]
[WhiteElo "2329"]
[BlackElo "2152"]
[WhiteClock "01:23:11"]
[BlackClock "00:49:32"]
[PlyCount "120"]
[WhiteFideId "16244818"]
[BlackFideId "14156024"]
[EventCountry "GER"]
[EventRounds "9"]
[EventType "swiss"]
[EventDate "2023.05.27"]

1. d4 {[%emt 0:00:03]} Nf6 {[%emt 0:01:51]} 2. c4 {[%emt 0:00:08]} e6 {[%emt
0:00:03]} 3. Nf3 {[%emt 0:00:17]} d5 {[%emt 0:00:11]} 4. g3 {[%emt 0:00:05]}
Bb4+ {[%emt 0:00:51]} 5. Bd2 {[%emt 0:00:07]} Bd6 {[%emt 0:00:03]} 6. Bg2
{[%emt 0:00:12]} c6 {[%emt 0:01:00]} 7. O-O {[%emt 0:00:10]} Nbd7 {[%emt
0:00:04]} 8. Qc2 {[%emt 0:00:27]} O-O {[%emt 0:04:28]} 9. Bf4 {[%emt 0:00:05]}
Bxf4 {[%emt 0:02:02]} 10. gxf4 {[%emt 0:00:06]} b6 {[%emt 0:08:38]} 11. cxd5
{[%emt 0:08:22]} Nxd5 {[%emt 0:12:31]} 12. e3 {[%emt 0:02:01]} Ba6 {[%emt
0:05:33]} 13. Rd1 {[%emt 0:00:20]} Rc8 {[%emt 0:01:04]} 14. Nc3 {[%emt
0:01:52]} N7f6 {[%emt 0:09:41]} 15. Qa4 {[%emt 0:07:05]} Nxc3 {[%emt 0:04:01]}
16. bxc3 {[%emt 0:00:05]} Be2 {[%emt 0:01:53]} 17. Re1 {[%emt 0:01:14]} Bxf3
{[%emt 0:03:39]} 18. Bxf3 {[%emt 0:00:07]} Qd7 {[%emt 0:02:02]} 19. Qb3 {[%emt
0:05:14]} c5 {[%emt 0:00:38]} 20. a4 {[%emt 0:01:36]} Rc7 {[%emt 0:05:25]} 21.
Red1 {[%emt 0:05:05]} cxd4 {[%emt 0:00:57]} 22. cxd4 {[%emt 0:00:09]} Rfc8
{[%emt 0:03:06]} 23. Qb5 {[%emt 0:17:32]} Rc2 {[%emt 0:01:10]} 24. Qxd7 {[%emt
0:04:37]} Nxd7 {[%emt 0:00:04]} 25. Rdb1 {[%emt 0:00:05]} Kf8 {[%emt 0:04:14]}
26. a5 {[%emt 0:05:58]} bxa5 {[%emt 0:03:57]} 27. Kg2 {[%emt 0:02:56]} Nb6
{[%emt 0:04:16]} 28. Be4 {[%emt 0:03:45]} Rd2 {[%emt 0:03:30]} 29. Kf1 {[%emt
0:00:30]} Nc4 {[%emt 0:04:43]} 30. Ke1 {[%emt 0:01:30]} Rb2 {[%emt 0:04:13]}
31. Rxb2 {[%emt 0:01:41]} Nxb2 {[%emt 0:00:01]} 32. Rxa5 {[%emt 0:04:20]} Rc7
{[%emt 0:00:11]} 33. Ra2 {[%emt 0:08:22]} Nc4 {[%emt 0:02:50]} 34. Rc2 {[%emt
0:00:08]} Rc8 {[%emt 0:00:53]} 35. Bb7 {[%emt 0:07:28]} Rb8 {[%emt 0:00:19]}
36. Ba6 {[%emt 0:00:07]} Rb1+ {[%emt 0:02:12]} 37. Ke2 {[%emt 0:00:07]} Rb2
{[%emt 0:01:39]} 38. Rxb2 {[%emt 0:00:11]} Nxb2 {[%emt 0:00:02]} 39. Kd2 {[%emt
0:12:22]} Na4 {[%emt 0:00:11]} 40. Kd3 {[%emt 0:01:41]} Ke7 {[%emt 0:00:25]}
41. Kc2 {[%emt 0:16:09]} Kd6 {[%emt 0:02:48]} 42. Kb3 {[%emt 0:02:20]} Nb6
{[%emt 0:00:06]} 43. e4 {[%emt 0:00:57]} Nd7 {[%emt 0:02:13]} 44. Kc3 {[%emt
0:02:53]} Kc6 {[%emt 0:01:28]} 45. Bc4 {[%emt 0:01:18]} Nf6 {[%emt 0:02:26]}
46. f3 {[%emt 0:00:41]} g6 {[%emt 0:02:52]} 47. Kd3 {[%emt 0:03:11]} a5 {[%emt
0:00:24]} 48. f5 {[%emt 0:01:43]} gxf5 {[%emt 0:01:52]} 49. exf5 {[%emt
0:00:05]} Nd5 {[%emt 0:06:00]} 50. fxe6 {[%emt 0:03:13]} fxe6 {[%emt 0:00:01]}
51. Ke4 {[%emt 0:00:35]} Kd6 {[%emt 0:00:30]} 52. f4 {[%emt 0:00:45]} a4 {[%emt
0:00:28]} 53. f5 {[%emt 0:00:17]} exf5+ {[%emt 0:00:06]} 54. Kd3 {[%emt
0:00:29]} a3 {[%emt 0:00:19]} 55. Kd2 {[%emt 0:00:33]} Nb4 {[%emt 0:05:44]} 56.
Kc3 {[%emt 0:00:59]} a2 {[%emt 0:00:10]} 57. Kb2 {[%emt 0:00:04]} f4 {[%emt
0:00:28]} 58. Ka1 {[%emt 0:00:42]} f3 {[%emt 0:00:05]} 59. Kb2 {[%emt 0:00:24]}
f2 {[%emt 0:00:04]} 60. Ka1 {[%emt 0:00:15]} Nc2+ {[%emt 0:00:43]} 0-1

[Event "DEM U16 2023"]
[Site "Willingen GER"]
[Date "2023.05.31"]
[Round "5"]
[White "Bashirov, Kemal"]
[Black "Foerster-Yialamas, Lucas"]
[Result "1/2-1/2"]
[Termination "normal"]
[Board "3"]
[BlackTitle "CM"]
[WhiteElo "2197"]
[BlackElo "2151"]
[WhiteClock "00:49:55"]
[BlackClock "01:23:12"]
[PlyCount "83"]
[WhiteFideId "14183650"]
[BlackFideId "30901774"]
[EventCountry "GER"]
[EventRounds "9"]
[EventType "swiss"]
[EventDate "2023.05.27"]

1. e4 c5 {[%emt 0:00:01]} 2. Nf3 {[%emt 0:00:04]} d6 3. d4 {[%emt 0:00:07]}
cxd4 {[%emt 0:00:02]} 4. Nxd4 {[%emt 0:00:01]} Nf6 {[%emt 0:00:01]} 5. Nc3
{[%emt 0:00:01]} a6 6. Bc4 {[%emt 0:00:01]} e6 7. Bb3 Nbd7 8. f4 {[%emt
0:00:54]} Qc7 {[%emt 0:00:03]} 9. Qe2 {[%emt 0:03:55]} b5 {[%emt 0:00:58]} 10.
f5 {[%emt 0:06:26]} Nc5 {[%emt 0:00:13]} 11. fxe6 {[%emt 0:07:05]} fxe6 {[%emt
0:00:04]} 12. Bg5 {[%emt 0:01:57]} Be7 {[%emt 0:00:52]} 13. O-O {[%emt
0:03:20]} O-O {[%emt 0:04:07]} 14. Kh1 {[%emt 0:05:36]} Nxb3 {[%emt 0:00:45]}
15. axb3 {[%emt 0:01:40]} Bd7 {[%emt 0:00:10]} 16. b4 {[%emt 0:12:33]} Qc4
{[%emt 0:01:52]} 17. Qxc4 {[%emt 0:04:33]} bxc4 {[%emt 0:00:07]} 18. Nf3 {[%emt
0:01:21]} h6 {[%emt 0:07:04]} 19. Be3 {[%emt 0:08:20]} Rfb8 {[%emt 0:02:17]}
20. e5 {[%emt 0:12:16]} Ng4 {[%emt 0:02:55]} 21. Bd4 {[%emt 0:01:08]} dxe5
{[%emt 0:01:04]} 22. Bxe5 {[%emt 0:00:04]} Rxb4 {[%emt 0:00:19]} 23. Bd4 {[%emt
0:00:04]} Bf6 {[%emt 0:04:52]} 24. Bxf6 {[%emt 0:00:04]} Nxf6 {[%emt 0:01:05]}
25. Nd1 {[%emt 0:00:04]} Rb5 {[%emt 0:01:38]} 26. Re1 {[%emt 0:01:21]} Rc5
{[%emt 0:09:37]} 27. Nc3 {[%emt 0:04:15]} Rb8 {[%emt 0:02:41]} 28. Ra2 {[%emt
0:03:53]} Nd5 {[%emt 0:03:09]} 29. Ne4 {[%emt 0:00:46]} Rcb5 {[%emt 0:01:29]}
30. Rxa6 {[%emt 0:04:00]} Rxb2 {[%emt 0:00:18]} 31. Ne5 {[%emt 0:00:43]} Rb1
{[%emt 0:01:33]} 32. Rg1 {[%emt 0:01:53]} Bc8 {[%emt 0:05:36]} 33. Rd6 {[%emt
0:02:05]} c3 {[%emt 0:08:24]} 34. h3 {[%emt 0:02:45]} Kh7 {[%emt 0:01:45]} 35.
Rc6 {[%emt 0:05:47]} Rxg1+ {[%emt 0:00:47]} 36. Kxg1 {[%emt 0:00:03]} Rb1+
{[%emt 0:00:15]} 37. Kf2 {[%emt 0:00:20]} Bb7 {[%emt 0:00:07]} 38. Nxc3 {[%emt
0:03:40]} Rb2 {[%emt 0:02:04]} 39. Nd1 {[%emt 0:00:49]} Rb1 {[%emt 0:05:09]}
40. Nc3 {[%emt 0:00:04]} Rh1 {[%emt 0:13:54]} 41. Rc5 {[%emt 0:03:14]} Nf4
{[%emt 0:02:19]} 42. Rc7 {[%emt 0:02:57]} 1/2-1/2

[Event "DEM U16 2023"]
[Site "Willingen GER"]
[Date "2023.05.31"]
[Round "5"]
[White "Lebzak, Jaroslav"]
[Black "Bock, Marlon"]
[Result "1-0"]
[Termination "normal"]
[Board "4"]
[WhiteElo "2138"]
[BlackElo "1954"]
[WhiteClock "00:58:23"]
[BlackClock "01:10:54"]
[PlyCount "51"]
[WhiteFideId "44105851"]
[BlackFideId "16244931"]
[EventCountry "GER"]
[EventRounds "9"]
[EventType "swiss"]
[EventDate "2023.05.27"]

1. e4 {[%emt 0:00:03]} c5 {[%emt 0:00:03]} 2. Nf3 {[%emt 0:00:12]} Nc6 {[%emt
0:00:04]} 3. d4 {[%emt 0:00:10]} cxd4 {[%emt 0:00:04]} 4. Nxd4 {[%emt 0:00:06]}
e5 {[%emt 0:00:03]} 5. Nb5 {[%emt 0:00:12]} d6 {[%emt 0:00:05]} 6. N1c3 {[%emt
0:03:59]} a6 {[%emt 0:00:08]} 7. Na3 {[%emt 0:00:12]} b5 {[%emt 0:00:03]} 8.
Nd5 {[%emt 0:00:22]} Nge7 {[%emt 0:00:11]} 9. c4 {[%emt 0:02:57]} Nxd5 {[%emt
0:00:15]} 10. exd5 {[%emt 0:03:21]} Nd4 {[%emt 0:00:16]} 11. Bd3 {[%emt
0:06:01]} Bd7 {[%emt 0:05:01]} 12. O-O {[%emt 0:00:22]} Be7 {[%emt 0:02:23]}
13. Be3 {[%emt 0:16:36]} b4 {[%emt 0:11:12]} 14. Nc2 {[%emt 0:04:02]} Nxc2
{[%emt 0:00:18]} 15. Qxc2 {[%emt 0:00:06]} h6 {[%emt 0:00:40]} 16. a3 {[%emt
0:01:26]} bxa3 {[%emt 0:06:51]} 17. Rxa3 {[%emt 0:01:26]} O-O {[%emt 0:00:39]}
18. Rfa1 {[%emt 0:00:51]} Bc8 {[%emt 0:07:59]} 19. b4 {[%emt 0:09:43]} Bb7
{[%emt 0:05:03]} 20. Be4 {[%emt 0:13:19]} Qc8 {[%emt 0:02:23]} 21. Bxh6 {[%emt
0:06:52]} gxh6 {[%emt 0:16:55]} 22. Rg3+ {[%emt 0:00:09]} Bg5 {[%emt 0:04:57]}
23. Bf5 {[%emt 0:01:15]} Qd8 {[%emt 0:05:13]} 24. h4 {[%emt 0:00:33]} f6 {[%emt
0:00:33]} 25. hxg5 {[%emt 0:06:08]} fxg5 {[%emt 0:00:15]} 26. Bc8 {[%emt
0:02:36]} 1-0

[Event "DEM U16 2023"]
[Site "Willingen GER"]
[Date "2023.05.31"]
[Round "5"]
[White "Ohler, Julius"]
[Black "Guo, Philipp Ziming"]
[Result "0-1"]
[Termination "normal"]
[Board "5"]
[WhiteElo "2220"]
[BlackElo "1941"]
[WhiteClock "01:10:19"]
[BlackClock "01:04:42"]
[PlyCount "68"]
[WhiteFideId "16238982"]
[BlackFideId "16245199"]
[EventCountry "GER"]
[EventRounds "9"]
[EventType "swiss"]
[EventDate "2023.05.27"]

1. c4 {[%emt 0:00:02]} c5 {[%emt 0:00:15]} 2. Nc3 {[%emt 0:00:05]} Nc6 {[%emt
0:00:09]} 3. g3 {[%emt 0:00:04]} g6 {[%emt 0:00:08]} 4. Bg2 {[%emt 0:00:04]}
Bg7 {[%emt 0:00:07]} 5. d3 {[%emt 0:00:18]} e6 {[%emt 0:01:18]} 6. Nf3 {[%emt
0:03:23]} Nge7 {[%emt 0:00:22]} 7. O-O {[%emt 0:01:01]} O-O {[%emt 0:00:17]} 8.
Bg5 {[%emt 0:01:34]} h6 {[%emt 0:03:48]} 9. Bd2 {[%emt 0:00:19]} d5 {[%emt
0:03:37]} 10. cxd5 {[%emt 0:09:31]} exd5 {[%emt 0:00:41]} 11. Qc1 {[%emt
0:00:30]} Kh7 {[%emt 0:07:32]} 12. Rb1 {[%emt 0:05:32]} b6 {[%emt 0:05:14]} 13.
a3 {[%emt 0:04:14]} a5 {[%emt 0:08:51]} 14. Nd1 {[%emt 0:10:09]} a4 {[%emt
0:09:36]} 15. b4 {[%emt 0:01:03]} axb3 {[%emt 0:05:39]} 16. Rxb3 Be6 {[%emt
0:02:12]} 17. Ne3 {[%emt 0:03:23]} Ra6 {[%emt 0:06:43]} 18. Qc2 {[%emt
0:07:04]} Qa8 {[%emt 0:05:48]} 19. Rfb1 {[%emt 0:00:47]} Qa7 {[%emt 0:01:36]}
20. Rb5 {[%emt 0:06:54]} Rc8 {[%emt 0:05:54]} 21. Qd1 {[%emt 0:06:27]} Rb8
{[%emt 0:07:40]} 22. Bc1 {[%emt 0:01:02]} Bd7 {[%emt 0:02:19]} 23. Nd2 {[%emt
0:16:35]} Nd4 {[%emt 0:06:11]} 24. R5b2 Ba4 {[%emt 0:00:16]} 25. Qe1 {[%emt
0:00:14]} Bc6 {[%emt 0:00:45]} 26. Nb3 {[%emt 0:05:49]} Ne6 {[%emt 0:01:21]}
27. Rc2 {[%emt 0:00:09]} b5 {[%emt 0:02:00]} 28. Bd2 {[%emt 0:04:06]} d4 {[%emt
0:05:04]} 29. Nf1 {[%emt 0:01:25]} Bxg2 {[%emt 0:00:05]} 30. Kxg2 {[%emt
0:00:03]} Rxa3 {[%emt 0:01:18]} 31. Nxc5 {[%emt 0:00:42]} Nxc5 {[%emt 0:00:35]}
32. Bb4 {[%emt 0:00:05]} Rc3 {[%emt 0:02:18]} 33. Bxc3 {[%emt 0:00:26]} dxc3
{[%emt 0:00:02]} 34. Ne3 {[%emt 0:00:34]} b4 {[%emt 0:01:13]} 0-1

[Event "DEM U16 2023"]
[Site "Willingen GER"]
[Date "2023.05.31"]
[Round "5"]
[White "Prieb, Robert"]
[Black "Honisch, Alexander"]
[Result "1-0"]
[Termination "normal"]
[Board "6"]
[WhiteTitle "CM"]
[WhiteElo "2113"]
[BlackElo "2057"]
[WhiteClock "01:31:45"]
[BlackClock "00:33:16"]
[PlyCount "83"]
[WhiteFideId "16212002"]
[BlackFideId "16298594"]
[EventCountry "GER"]
[EventRounds "9"]
[EventType "swiss"]
[EventDate "2023.05.27"]

1. d4 {[%emt 0:00:02]} Nf6 {[%emt 0:00:33]} 2. c4 {[%emt 0:00:09]} g6 {[%emt
0:00:30]} 3. Nc3 {[%emt 0:00:10]} Bg7 {[%emt 0:00:27]} 4. e4 {[%emt 0:00:17]}
d6 {[%emt 0:00:33]} 5. Nge2 {[%emt 0:00:18]} O-O {[%emt 0:01:53]} 6. Ng3 {[%emt
0:00:09]} e5 {[%emt 0:15:26]} 7. d5 {[%emt 0:00:35]} Nbd7 {[%emt 0:01:09]} 8.
Be2 {[%emt 0:00:36]} a5 {[%emt 0:02:10]} 9. h4 {[%emt 0:04:10]} h5 {[%emt
0:03:05]} 10. Bg5 {[%emt 0:01:09]} Nc5 {[%emt 0:07:08]} 11. Bxh5 {[%emt
0:00:33]} gxh5 {[%emt 0:26:14]} 12. Nxh5 {[%emt 0:00:12]} Kh7 {[%emt 0:08:55]}
13. Qf3 {[%emt 0:01:11]} Kg6 {[%emt 0:07:52]} 14. Rh3 {[%emt 0:26:09]} Bg4
{[%emt 0:10:01]} 15. Bxf6 {[%emt 0:04:41]} Bxf3 {[%emt 0:02:44]} 16. Bxd8
{[%emt 0:00:08]} Bxh5 {[%emt 0:05:01]} 17. Bxc7 {[%emt 0:00:42]} Na6 {[%emt
0:03:15]} 18. Bxd6 {[%emt 0:01:16]} Rfd8 {[%emt 0:00:17]} 19. Nb5 {[%emt
0:02:11]} f5 {[%emt 0:01:04]} 20. Rg3+ {[%emt 0:01:26]} Kf7 {[%emt 0:00:09]}
21. exf5 {[%emt 0:03:27]} Bf6 {[%emt 0:00:09]} 22. Re3 {[%emt 0:01:38]} Bg4
{[%emt 0:01:02]} 23. Bxe5 {[%emt 0:01:03]} Bxe5 {[%emt 0:00:40]} 24. Rxe5
{[%emt 0:00:07]} Nb4 {[%emt 0:00:25]} 25. Kd2 {[%emt 0:00:40]} Rac8 {[%emt
0:00:15]} 26. b3 {[%emt 0:01:19]} Rc5 {[%emt 0:00:52]} 27. f3 {[%emt 0:02:28]}
Bh5 {[%emt 0:00:29]} 28. g4 {[%emt 0:00:14]} Nxd5 {[%emt 0:00:06]} 29. Rxd5
{[%emt 0:01:07]} Rdxd5+ {[%emt 0:00:07]} 30. cxd5 {[%emt 0:00:08]} Rxb5 {[%emt
0:00:05]} 31. Ke3 {[%emt 0:00:18]} Rxd5 {[%emt 0:00:06]} 32. Kf4 {[%emt
0:00:45]} Kf6 {[%emt 0:00:19]} 33. gxh5 {[%emt 0:00:09]} Rxf5+ {[%emt 0:00:04]}
34. Kg4 {[%emt 0:00:09]} Rd5 {[%emt 0:00:20]} 35. Rc1 {[%emt 0:00:50]} Rd2
{[%emt 0:00:05]} 36. Rc7 {[%emt 0:00:14]} Rxa2 {[%emt 0:00:25]} 37. h6 {[%emt
0:00:08]} Rg2+ {[%emt 0:00:17]} 38. Kh5 {[%emt 0:00:20]} Rg8 {[%emt 0:01:02]}
39. Rxb7 {[%emt 0:00:22]} Re8 {[%emt 0:01:27]} 40. h7 {[%emt 0:00:31]} Rd8
{[%emt 0:00:55]} 41. Kh6 {[%emt 0:00:29]} Rc8 {[%emt 0:01:45]} 42. Rg7 {[%emt
0:00:21]} 1-0

[Event "DEM U16 2023"]
[Site "Willingen GER"]
[Date "2023.05.31"]
[Round "5"]
[White "Heinisch, Niklas"]
[Black "Lübke, Florentin"]
[Result "1/2-1/2"]
[Termination "normal"]
[Board "7"]
[WhiteElo "1903"]
[BlackElo "1988"]
[WhiteClock "01:17:29"]
[BlackClock "00:44:46"]
[PlyCount "43"]
[WhiteFideId "16295080"]
[BlackFideId "16281799"]
[EventCountry "GER"]
[EventRounds "9"]
[EventType "swiss"]
[EventDate "2023.05.27"]

1. c4 {[%emt 0:00:03]} e5 {[%emt 0:00:13]} 2. Nc3 {[%emt 0:00:17]} Nf6 {[%emt
0:00:08]} 3. g3 {[%emt 0:00:20]} c6 {[%emt 0:00:06]} 4. Nf3 {[%emt 0:00:38]} e4
{[%emt 0:00:11]} 5. Nd4 {[%emt 0:00:27]} Qb6 {[%emt 0:00:18]} 6. Nb3 {[%emt
0:00:09]} a5 {[%emt 0:00:36]} 7. d3 {[%emt 0:00:34]} Bb4 {[%emt 0:09:31]} 8.
Bg2 {[%emt 0:10:49]} a4 {[%emt 0:07:12]} 9. Nd2 {[%emt 0:02:57]} exd3 {[%emt
0:31:59]} 10. O-O {[%emt 0:01:45]} O-O {[%emt 0:01:54]} 11. exd3 {[%emt
0:00:17]} d5 {[%emt 0:04:43]} 12. cxd5 {[%emt 0:06:09]} Bxc3 {[%emt 0:04:06]}
13. bxc3 {[%emt 0:00:02]} cxd5 {[%emt 0:00:16]} 14. Ba3 {[%emt 0:10:15]} Re8
{[%emt 0:00:58]} 15. c4 {[%emt 0:18:29]} Qd4 {[%emt 0:07:35]} 16. Qc2 {[%emt
0:12:04]} Bf5 {[%emt 0:00:41]} 17. Bb2 {[%emt 0:01:39]} Qxd3 {[%emt 0:00:20]}
18. Qxd3 {[%emt 0:00:15]} Bxd3 {[%emt 0:00:01]} 19. Rfe1 {[%emt 0:00:36]} Na6
{[%emt 0:04:26]} 20. Bxf6 {[%emt 0:02:27]} gxf6 {[%emt 0:00:04]} 21. Bxd5
{[%emt 0:00:14]} Nc5 {[%emt 0:00:08]} 22. f3 {[%emt 0:05:29]} 1/2-1/2

[Event "DEM U16 2023"]
[Site "Willingen GER"]
[Date "2023.05.31"]
[Round "5"]
[White "Reichmann, Felix"]
[Black "Metzdorf, Matteo"]
[Result "0-1"]
[Termination "normal"]
[Board "8"]
[WhiteElo "1976"]
[BlackElo "2099"]
[WhiteClock "01:07:42"]
[BlackClock "00:59:39"]
[PlyCount "76"]
[WhiteFideId "16238290"]
[BlackFideId "16209869"]
[EventCountry "GER"]
[EventRounds "9"]
[EventType "swiss"]
[EventDate "2023.05.27"]

1. c4 {[%emt 0:00:01]} c5 {[%emt 0:00:18]} 2. Nc3 {[%emt 0:02:41]} Nc6 {[%emt
0:00:30]} 3. g3 {[%emt 0:05:28]} g6 {[%emt 0:00:36]} 4. Bg2 {[%emt 0:00:06]}
Bg7 {[%emt 0:00:17]} 5. a3 {[%emt 0:00:19]} a5 {[%emt 0:08:16]} 6. Rb1 {[%emt
0:08:46]} d6 {[%emt 0:05:10]} 7. d3 {[%emt 0:05:18]} e5 {[%emt 0:09:42]} 8. Nf3
{[%emt 0:00:21]} Nge7 {[%emt 0:00:51]} 9. O-O {[%emt 0:00:21]} O-O {[%emt
0:01:37]} 10. Ne1 {[%emt 0:00:52]} Be6 {[%emt 0:05:39]} 11. Nc2 {[%emt
0:01:47]} d5 {[%emt 0:03:34]} 12. cxd5 {[%emt 0:02:47]} Nxd5 {[%emt 0:00:20]}
13. Bd2 {[%emt 0:11:02]} Qd7 {[%emt 0:30:04]} 14. Na4 {[%emt 0:15:58]} Qd6
{[%emt 0:08:20]} 15. b3 {[%emt 0:18:33]} Rab8 {[%emt 0:07:53]} 16. Nb2 {[%emt
0:08:55]} b6 {[%emt 0:03:52]} 17. Nc4 {[%emt 0:00:35]} Qd7 {[%emt 0:00:31]} 18.
b4 {[%emt 0:04:06]} axb4 {[%emt 0:02:51]} 19. axb4 {[%emt 0:00:19]} b5 {[%emt
0:03:23]} 20. N4e3 {[%emt 0:01:03]} Ndxb4 {[%emt 0:01:05]} 21. Nxb4 {[%emt
0:00:17]} Nxb4 {[%emt 0:00:08]} 22. Bxb4 {[%emt 0:00:25]} cxb4 {[%emt 0:00:02]}
23. Rxb4 {[%emt 0:00:06]} Rfc8 {[%emt 0:00:27]} 24. Qb1 {[%emt 0:00:25]} Bf8
{[%emt 0:00:39]} 25. Rb2 {[%emt 0:03:29]} b4 {[%emt 0:01:56]} 26. Rc1 {[%emt
0:00:31]} Rxc1+ {[%emt 0:01:16]} 27. Qxc1 {[%emt 0:00:01]} b3 {[%emt 0:01:15]}
28. Nc4 {[%emt 0:00:05]} Qa4 {[%emt 0:01:20]} 29. e4 {[%emt 0:02:52]} Bxc4
{[%emt 0:01:39]} 30. dxc4 {[%emt 0:00:12]} Ba3 {[%emt 0:00:29]} 31. Qa1 {[%emt
0:00:18]} Qb4 {[%emt 0:00:44]} 32. Rb1 {[%emt 0:00:12]} b2 {[%emt 0:00:54]} 33.
Qa2 {[%emt 0:00:03]} Qc3 {[%emt 0:00:39]} 34. Bf1 Bc5 {[%emt 0:02:59]} 35. Be2
{[%emt 0:00:42]} Qc2 {[%emt 0:00:31]} 36. Kf1 {[%emt 0:00:09]} Qxe4 {[%emt
0:00:42]} 37. Ke1 {[%emt 0:00:41]} Bb4+ {[%emt 0:00:14]} 38. Kd1 {[%emt
0:00:05]} Rd8+ {[%emt 0:00:14]} 0-1

[Event "DEM U16 2023"]
[Site "Willingen GER"]
[Date "2023.05.31"]
[Round "5"]
[White "Fuhrmann, Bahne"]
[Black "Hecht, Jonas Christian"]
[Result "0-1"]
[Termination "normal"]
[Board "9"]
[WhiteElo "2066"]
[BlackElo "1949"]
[WhiteClock "01:16:06"]
[BlackClock "01:01:14"]
[PlyCount "64"]
[WhiteFideId "16244842"]
[BlackFideId "16214846"]
[EventCountry "GER"]
[EventRounds "9"]
[EventType "swiss"]
[EventDate "2023.05.27"]

1. e4 {[%emt 0:00:03]} c5 {[%emt 0:00:02]} 2. Nf3 {[%emt 0:00:13]} Nc6 {[%emt
0:00:05]} 3. d4 {[%emt 0:00:07]} cxd4 {[%emt 0:00:02]} 4. Nxd4 {[%emt 0:00:07]}
Nf6 {[%emt 0:00:05]} 5. Nc3 {[%emt 0:00:06]} e5 {[%emt 0:00:04]} 6. Ndb5 {[%emt
0:00:05]} d6 {[%emt 0:00:05]} 7. Bg5 {[%emt 0:01:16]} a6 {[%emt 0:00:13]} 8.
Na3 {[%emt 0:00:04]} b5 {[%emt 0:00:04]} 9. Nab1 {[%emt 0:00:24]} Be7 {[%emt
0:02:08]} 10. Bxf6 {[%emt 0:02:06]} Bxf6 {[%emt 0:00:07]} 11. a4 {[%emt
0:00:25]} bxa4 {[%emt 0:02:19]} 12. Rxa4 {[%emt 0:04:45]} O-O {[%emt 0:02:19]}
13. Qd5 {[%emt 0:07:47]} Qb6 {[%emt 0:12:10]} 14. Qxd6 {[%emt 0:02:36]} Rd8
{[%emt 0:07:21]} 15. Qa3 {[%emt 0:00:14]} Be7 {[%emt 0:05:00]} 16. Qb3 {[%emt
0:02:09]} Bb4 {[%emt 0:05:08]} 17. Na3 {[%emt 0:38:03]} Rb8 {[%emt 0:05:35]}
18. Bc4 {[%emt 0:04:35]} Na5 {[%emt 0:01:58]} 19. Rxa5 {[%emt 0:05:54]} Qxa5
{[%emt 0:15:05]} 20. Bxf7+ {[%emt 0:01:36]} Kf8 {[%emt 0:03:37]} 21. O-O {[%emt
0:10:50]} Bd6 {[%emt 0:03:15]} 22. Qc4 {[%emt 0:03:58]} Bxa3 {[%emt 0:02:04]}
23. Bg8 {[%emt 0:01:06]} Rb7 {[%emt 0:01:24]} 24. Bxh7 {[%emt 0:02:02]} Bc5
{[%emt 0:14:20]} 25. b4 {[%emt 0:03:32]} Bxb4 {[%emt 0:01:34]} 26. Qg8+ {[%emt
0:02:33]} Ke7 {[%emt 0:00:06]} 27. Qxg7+ {[%emt 0:00:20]} Kd6 {[%emt 0:00:15]}
28. Qf6+ {[%emt 0:01:39]} Kc7 {[%emt 0:00:38]} 29. Nd5+ {[%emt 0:00:43]} Kb8
{[%emt 0:00:07]} 30. Rb1 {[%emt 0:00:31]} Be7 {[%emt 0:01:19]} 31. Rxb7+ {[%emt
0:00:55]} Kxb7 {[%emt 0:02:10]} 32. Qxe7+ {[%emt 0:01:23]} Rd7 {[%emt 0:00:14]}
0-1